Sports Quiz

Random Sports or Rugby Quiz

Teams beaten by Scotland at the Rugby World Cup Quiz Stats

 Plays Quiz not verified by Sporcle

Score 0/14 Timer 02:00
0 Plays Today
% Correct
USA
86.5%
Japan
86.5%
Fiji
83.8%
Georgia
83.8%
Italy
81.1%
Samoa
78.4%
Romania
78.4%
% Correct
Tonga
73%
Spain
64.9%
Portugal
64.9%
Uruguay
62.2%
Ivory Coast
62.2%
Ireland
59.5%
Zimbabwe
40.5%

You're not logged in!

Compare scores with friends on all Sporcle quizzes.
OR
Log In

Show Comments

Extras

Top Quizzes Today


Score Distribution

Your Account Isn't Verified!

In order to create a playlist on Sporcle, you need to verify the email address you used during registration. Go to your Sporcle Settings to finish the process.

Report this User

Report this user for behavior that violates our Community Guidelines.

Details: